Normal view MARC view
  • Gordon, Jeffrey M.

Entry Personal Name

Number of records used in: 4

001 - CONTROL NUMBER

  • control field: 3499

003 - CONTROL NUMBER IDENTIFIER

  • control field: NUST

005 - DATE AND TIME OF LATEST TRANSACTION

  • control field: 20170720121947.0

008 - FIXED-LENGTH DATA ELEMENTS

  • fixed length control field: 170720|| aca||aabn | a|a d

040 ## - CATALOGING SOURCE

  • Original cataloging agency: NUST
  • Transcribing agency: NUST

100 ## - HEADING--PERSONAL NAME

  • Personal name: Gordon, Jeffrey M.

670 ## - SOURCE DATA FOUND

  • Source citation: Work cat.: (NUST)0: Solar energy :, c2001.
© 2023 Central Library, National University of Sciences and Technology. All Rights Reserved.